| 000 | 00547nam a2200205 a 4500 | ||
|---|---|---|---|
| 005 | 20250611063906.0 | ||
| 008 | 190117s2016 mx r 000 0 spa d | ||
| 020 | _a9786070732553 | ||
| 035 | _aUPN01000228448 | ||
| 049 | _aCG | ||
| 050 | 4 |
_aHV6626.5 _bV3.2 |
|
| 100 | 1 |
_aVale, Tere _942508 |
|
| 245 | 1 | 0 |
_aBullying y abuso infantil / _cTere Vale. |
| 260 |
_aMéxico : _bPlaneta Mexicana, _c2016. |
||
| 300 |
_a176 p. : _bil. |
||
| 650 | 4 |
_aAbuso de niños _971 |
|
| 650 | 4 |
_aAcoso en las escuelas _91650 |
|
| 905 | _aLibro | ||
| 999 |
_c200543 _d200543 |
||